000
00262nam a22001097a 4500
020
_a
9788126519972
082
_a
005.133
_b
SHU/DA
100
_a
Shukla, Rajesh K
245
_a
Data structures using C and C++
260
_a
New Delhi
_b
Wiley India
_c
2012
942
_c
BK
999
_c
13953
_d
13953